000 00626nam a2200205Ia 4500
001 32713
003 IN-NITTTR
005 20251114233435.0
008 251113s9999||||xx |||||||||||||| ||eng||
040 _beng
040 _cIN-NITTTR
041 _aeng
082 _aQA75.5
100 _aChoudhary, Ramesh K.
245 0 _aAdvanced Computing and Communication Technologies :
_b Proceedings of the 9th ICACCT, 2015 /
_cChoudhary, Ramesh K., Mandal, Jyotsna Kumar, Auluck, Nitin, Nagarajaram, H. A.
700 _a Auluck, Nitin
700 _a Mandal, Jyotsna Kumar
700 _a Nagarajaram, H. A.
942 _2ddc
_cBK
999 _c35509
_d35509